| 000 | 00499nam a2200181Ia 4500 | ||
|---|---|---|---|
| 008 | 240925s9999 xx 000 0 und d | ||
| 020 | _a9788177583786 | ||
| 082 | _a005.12 ROY | ||
| 100 | _aRoyce, Walker | ||
| 245 | 0 | _aSoftware Project Management | |
| 250 | _aNA | ||
| 260 |
_aNew Delhi: _bPearson Education _c,1998. |
||
| 300 |
_axxx, 816p. _bN.A _fOriginal |
||
| 500 | _aIncludes Index | ||
| 600 | _aComputer Science | ||
| 650 | _aComputer science, information & general works | ||
| 942 | _cBK | ||
| 999 |
_c14675 _d14675 |
||